00550nam a2200193 a 4500001001300000003000900013005001700022008004100039020002300080082001600103100001600119245005800135260004700193300000900240500003500249505002000284650003600304700001600340nice12345678IN_TiNIC20260116014113.0050524s1996 newa grp 000 0 eng  a8120385 c15000a347.09bLLI aLlich, John aComplete Idiot`s Guide to Winning Through Negotiation aNew Delhi bPHI Learning Pvt. Ltd., c1996 a245p aincludes index and biblioraphy2 aGlossary, Index aConflict Resolution-Arbitration1 aLlich, John